Mineria y sociedad en el México colonial (Record no. 1674)

MARC details
000 -CABECERA
campo de control de longitud fija 00943nam a2200241 a 4500
001 - NÚMERO DE CONTROL
campo de control BRCA_1901
005 - FECHA Y HORA DE LA ÚLTIMA TRANSACCIÓN
campo de control 20190320203608.0
008 - DATOS DE LONGITUD FIJA--INFORMACIÓN GENERAL
campo de control de longitud fija 060608s1976----mx-a---###---#000-0#spa-#
020 ## - NÚMERO INTERNACIONAL ESTÁNDAR DEL LIBRO
Número Internacional Estándar del Libro 9681617681
050 #4 - SIGNATURA TOPOGRÁFICA DE LA BIBLIOTECA DEL CONGRESO
Número de clasificación HD9536.M4
Número de documento/Ítem .B35 1976
100 1# - ENTRADA PRINCIPAL--NOMBRE DE PERSONA
Nombre de persona Bakewell, Peter John
Fechas asociadas al nombre 1943-
9 (RLIN) 5867
245 10 - MENCIÓN DE TÍTULO
Título Mineria y sociedad en el México colonial
Resto del título Zacatecas, 1546-1700
Mención de responsabilidad, etc. P. J. Bakewell ; traducción de Roberto Gómez Ciriza.
260 ## - PUBLICACIÓN, DISTRIBUCIÓN, ETC.
Lugar de publicación, distribución, etc. México
Nombre del editor, distribuidor, etc. FCE
Fecha de publicación, distribución, etc. 1976
300 ## - DESCRIPCIÓN FÍSICA
Extensión 387 p.
Otras características físicas il., tablas, mapas
Dimensiones 21 cm.
440 #0 - MENCIÓN DE SERIE/PUNTO DE ACCESO ADICIONAL--TÍTULO
Título Sección de obras de historia
9 (RLIN) 5868
500 ## - NOTA GENERAL
Nota general Incluye índice analítico e índice de ilustraciones
500 ## - NOTA GENERAL
Nota general Traducción de : Silver Mining and Society in Colonial Mexico: Zacatecas, 1546-1700
504 ## - NOTA DE BIBLIOGRAFÍA, ETC.
Nota de bibliografía, etc. Bibliografía: p. 372-376
650 14 - PUNTO DE ACCESO ADICIONAL DE MATERIA--TÉRMINO DE MATERIA
Término de materia o nombre geográfico como elemento de entrada Plata
Subdivisión general Minas y minería
Subdivisión geográfica Zacatecas (México)
9 (RLIN) 5869
651 #4 - PUNTO DE ACCESO ADICIONAL DE MATERIA--NOMBRE GEOGRÁFICO
Nombre geográfico Zacatecas
Subdivisión general Historia
Subdivisión geográfica México
9 (RLIN) 5646
700 1# - PUNTO DE ACCESO ADICIONAL--NOMBRE DE PERSONA
Nombre de persona Gómez Ciriza, Roberto
9 (RLIN) 2843
942 ## - ELEMENTOS DE PUNTO DE ACCESO ADICIONAL (KOHA)
Fuente del sistema de clasificación o colocación Library of Congress Classification
Tipo de ítem Koha Libros
Holdings
Estado de retiro Estado de pérdida Estado dañado No para préstamo Localización permanente Ubicación/localización actual Fecha de adquisición Total de préstamos Signatura topográfica completa Código de barras Fecha visto por última vez Precio válido a partir de Tipo de ítem Koha
El ejemplar forma parte de la colección y puede ser consultado según las políticas vigentes.       Biblioteca del Museo Franz Mayer (Rogerio Casas-Alatriste) Biblioteca del Museo Franz Mayer (Rogerio Casas-Alatriste) 30/07/2008   HD9536.M4 .B35 1976 01406 22/03/2019 22/03/2019 Libros